[Event "Asia-ch 5th"]
[Site "Hyderabad"]
[Date "2005.10.13"]
[Round "7"]
[White "Grigoryan, Karen"]
[Black "Kunte, Abhijit"]
[Result "1/2-1/2"]
[WhiteElo "2421"]
[BlackElo "2553"]
[Annotator "Mueller,Karsten"]
[PlyCount "115"]
[EventDate "2005.10.05"]
[EventType "swiss"]
[EventRounds "9"]
[EventCountry "IND"]
[SourceTitle "CBM 110"]
[Source "ChessBase"]
[SourceDate "2006.01.31"]
[SourceVersion "1"]
[SourceVersionDate "2006.01.31"]
[SourceQuality "1"]

1. d4 Nf6 2. c4 e6 3. Nf3 b6 4. a3 Bb7 5. Nc3 d5 6. cxd5 Nxd5 7. e3 Nxc3 8.
bxc3 Be7 9. Bb5+ c6 10. Bd3 O-O 11. Qc2 h6 12. O-O c5 13. e4 Qc8 14. Qe2 Ba6
15. Rd1 Bxd3 16. Rxd3 Nd7 17. e5 Rd8 18. h4 cxd4 19. cxd4 Qc4 20. Ne1 Rac8 21.
h5 f5 22. Bf4 b5 23. Qf3 Nf8 24. Rad1 Qd5 25. Qh3 Rc4 26. g3 Ra4 27. Nc2 Nh7
28. Ne3 Qc6 29. f3 Qb7 30. g4 Bg5 31. Qg3 Bxf4 32. Qxf4 Ng5 33. Kg2 fxg4 34.
Nxg4 Rf8 35. Qg3 Rc4 36. R1d2 Rc7 37. Re2 Rcf7 38. Ree3 Qd5 39. Nf2 Rf4 40. Ng4
a5 41. Nf6+ R8xf6 42. exf6 Rxf6 43. Qe5 Qa2+ 44. Re2 Qc4 45. Red2 Rf5 46. Qb8+
Kh7 47. Qe8 Rf6 48. d5 Qh4 49. d6 Qh3+ 50. Kf2 Qh2+ 51. Ke1 Qg1+ 52. Ke2 Nh3
53. Rd4 Qb1 $6 {Dies ist natürlich im strengen Sinne kein Endspiel, aber wegen
des folgenden habe ich es einfach mit aufgenommen:} (53... Qh1 54. Qg6+ Rxg6
55. hxg6+ Kxg6 56. d7 $11) 54. Qg6+ {Was für ein Zug! Aber objektiv bot} (54.
f4 {bessere Gewinnchancen, z.B.} Qf5 55. d7 Nxf4+ 56. Rxf4 Qxf4 57. Qg6+ Rxg6
58. hxg6+ Kxg6 59. d8=Q) 54... Rxg6 55. hxg6+ Qxg6 56. d7 Ng1+ 57. Kf1 Nxf3 58.
d8=Q (58. d8=Q Qg1+ 59. Ke2 Qg2+ 60. Kd1 Nxd2 61. Rxd2 Qf3+ $11) 1/2-1/2

[Event "Chigorin Memorial"]
[Site "St Petersburg"]
[Date "1995.??.??"]
[Round "6"]
[White "Burmakin, Vladimir"]
[Black "Aseev, Konstantin N"]
[Result "1-0"]
[WhiteElo "2500"]
[BlackElo "2530"]
[Annotator "Nikitin,A"]
[PlyCount "79"]
[EventDate "1995.09.??"]
[EventType "swiss"]
[EventRounds "9"]
[EventCountry "RUS"]
[SourceTitle "EXT 1997"]
[Source "ChessBase"]
[SourceDate "1996.11.15"]
[SourceVersion "1"]
[SourceVersionDate "1996.11.15"]
[SourceQuality "1"]

1. d4 Nf6 2. c4 e6 3. Nf3 b6 4. Nc3 Bb7 5. Qc2 c5 6. dxc5 bxc5 (6... Bxc5 7.
Bg5 h6 8. Bh4 Be7 9. e3 O-O 10. Be2 Na6 $5 11. O-O Nc5 12. Rfd1 Nfe4 13. Bxe7
Qxe7 $10 {TolnaI,T-Adorian,A/Magiarorszag/1992/0-1/54/}) 7. Bf4 (7. Bg5 Be7 8.
e3 h6 9. Bh4 O-O 10. Rd1 d6 11. Be2 Qb6 12. O-O Rd8 13. Rd2 Nbd7 $10 {Lerner,
K-Makarichev,S/URS/1984/0,5/}) 7... Be7 8. Nb5 $6 Na6 9. a3 (9. Nd6+ Bxd6 10.
Bxd6 Qa5+ 11. Nd2 (11. Qd2 $2 Nb4 $19) 11... Ne4 $36) 9... d5 10. e3 O-O 11.
Rd1 Qa5+ 12. Qc3 Qb6 $1 13. Be2 (13. Bd3 dxc4 14. Qxc4 Bd5 15. Qc2 (15. Qa4 Bc6
$15) 15... c4 $1 16. Bxc4 Rac8 17. b3 Bxc4 18. bxc4 Qa5+ $17) 13... Ne4 (13...
dxc4 14. Qxc4 Bd5 15. Qc2 $13) 14. Qc2 Qa5+ 15. Nc3 Bf6 (15... d4 $5 16. exd4
cxd4 17. Rxd4 Nxc3 18. Qxc3 Qxc3+ 19. bxc3 Bxa3 $15) 16. Be5 Bxe5 17. Nxe5 d4
18. Qa4 $8 Qc7 19. Nxe4 Qxe5 20. f3 f5 (20... dxe3 $17) 21. exd4 cxd4 22. Nf2
$1 Nc5 23. Qc2 Bc6 (23... a5 24. b4 (24. Nd3 Nxd3+ 25. Qxd3 Rfd8 26. O-O a4 27.
f4 Qc5 $17) 24... axb4 25. axb4 Na4 26. Nd3 Qe3 27. Qd2 Nc3 28. Qxe3 dxe3 $15)
24. Nd3 Nxd3+ 25. Qxd3 Rad8 26. O-O Qf6 $2 27. b4 e5 28. c5 Kh8 (28... Qe7 29.
b5 Be8 30. c6 Rf6 31. Qb3+ Kh8 32. Bc4 e4 33. fxe4 fxe4 34. Rxf6 gxf6 $15) 29.
b5 e4 30. fxe4 Bxe4 31. Qc4 Qg5 32. Rf2 d3 33. Bf1 Qe3 34. c6 f4 35. Qb4 Rfe8
36. c7 Rc8 37. Re1 d2 $4 $138 (37... Bg6 $1 38. Rxe3 (38. Rd1 Rxc7 39. Qxf4
Qxf4 40. Rxf4 Rd7 $15) 38... fxe3 39. Rb2 e2 40. Rb1 Rxc7 $15) 38. Qxd2 Qxd2
39. Rxd2 Rxc7 40. Rxe4 1-0

[Event "Banja Luka"]
[Site "Banja Luka"]
[Date "1983.??.??"]
[Round "4"]
[White "Ftacnik, Lubomir"]
[Black "Adorjan, Andras"]
[Result "1-0"]
[WhiteElo "2560"]
[BlackElo "2530"]
[Annotator "Notkin,M"]
[PlyCount "71"]
[EventDate "1983.04.??"]
[EventType "tourn"]
[EventRounds "13"]
[EventCountry "YUG"]
[EventCategory "9"]
[SourceTitle "MCL"]
[Source "ChessBase"]
[SourceDate "1999.07.01"]
[SourceVersion "1"]
[SourceVersionDate "1999.07.01"]
[SourceQuality "1"]

1. d4 Nf6 2. c4 e6 3. Nf3 b6 4. a3 Bb7 5. Nc3 d5 6. cxd5 Nxd5 7. e3 g6 8. Bb5+
c6 9. Bd3 Bg7 10. e4 Nxc3 11. bxc3 O-O (11... c5 12. Bg5 Qd6 13. e5 Qd7 14.
dxc5 $6 (14. O-O O-O 15. Qd2 cxd4 16. cxd4 Nc6 17. Qf4 $10) 14... O-O $1 15.
cxb6 axb6 16. O-O Nc6 17. Bb5 Qc7 18. a4 Nxe5 $15 {Kasparov,G-Korchnoi,V/
London/1983/0:1/52/}) 12. Bg5 Qd6 13. Qd2 c5 14. Bf4 (14. Qe3 $5 Nc6 15. e5 $13
) 14... Qd7 15. Bh6 Nc6 16. Bxg7 Kxg7 17. Bb5 cxd4 18. cxd4 a6 19. Be2 Rad8 20.
Rd1 (20. Qb2 Kg8 21. Rd1 (21. Qxb6 Nxd4 $10) 21... b5 22. O-O $13) 20... Na5
21. d5 (21. Qe3 $6 Qc6) (21. Qb2 $5 b5 (21... Bxe4 22. d5+ {/\Qd6/}) 22. d5+
Kg8 (22... f6 23. e5 $1 Bxd5 24. exf6+ Rxf6 25. Ne5 {/\Ng4/}) 23. Ne5 Qe7 24.
Ng4 f6 25. Ne3 $16) 21... Kg8 (21... exd5 $6 22. Qd4+ Kg8 23. Qxb6 $16) (21...
Qa4 22. Qc3+ Kg8 23. Rd4 Qb3 24. Qxb3 Nxb3 25. Rb4 Nc5 $10) 22. Qe3 Qd6 $1 23.
h4 (23. e5 Qc5 24. d6 Qxe3 (24... Bxf3 25. gxf3 Nc6 26. f4 {/\Rc1/}) 25. fxe3
f6 26. O-O $13) 23... exd5 24. e5 Qe7 25. h5 d4 $1 26. Nxd4 $6 (26. Rxd4 Rxd4
27. Qxd4 Bxf3 28. gxf3 Nc6 29. Qxb6 Nxe5 30. Kf1 Rc8 31. Qe3 Qc5 $10) 26... Nc6
$6 (26... Bxg2 27. Rg1 Bd5 28. Bxa6 (28. Nf5 Qe6 29. Nd6 Nc6 30. f4 Rxd6) 28...
Nc4 $15) 27. hxg6 fxg6 28. Bc4+ Kh8 29. Ne6 Rxd1+ 30. Kxd1 Rf5 31. f4 Na5 32.
Ba2 Bxg2 33. Rh2 (33. Qxb6 Bxh1 34. Qb8+ Rf8 35. Nxf8 Kg7 36. Ne6+ Kh6 37. Qb2
Bf3+ $13) 33... Qd7+ 34. Ke1 Bd5 35. Ng5 (35. Qxb6 $2 Qxe6 36. Qd8+ Qg8) (35.
Bxd5 Qxd5 36. Qxb6 Nc6 $13) 35... h5 $2 (35... Bxa2 36. Rxh7+ Qxh7 37. Nxh7
Kxh7 38. e6 Nc6 39. e7 Nxe7 $10) 36. Rd2 1-0

[Event "RUS-Cup01 Chigorin Memorial"]
[Site "St Petersburg"]
[Date "1996.??.??"]
[Round "7"]
[White "Notkin, Maksim"]
[Black "Lerner, Konstantin Z"]
[Result "1/2-1/2"]
[WhiteElo "2520"]
[BlackElo "2580"]
[Annotator "Notkin,M"]
[PlyCount "141"]
[EventDate "1996.11.??"]
[EventType "swiss"]
[EventRounds "9"]
[EventCountry "RUS"]
[SourceTitle "CBM 056 Extra"]
[Source "ChessBase"]
[SourceDate "1997.03.01"]
[SourceVersion "1"]
[SourceVersionDate "1997.03.01"]
[SourceQuality "1"]

1. d4 Nf6 2. c4 e6 3. Nf3 b6 4. a3 Ba6 5. Qc2 Bb7 6. Nc3 c5 7. e4 cxd4 8. Nxd4
d6 9. Be2 Be7 (9... Nbd7 10. Be3 a6 11. O-O-O (11. g4 h5 (11... h6 12. O-O-O g5
$6 13. h4 Rg8 14. hxg5 hxg5 15. Kb1 Ne5 $2 16. Bxg5 $1 Rxg5 17. f4 $16 {
Notkin,M-Yemelin,V/Elista/1996/0,5/25/}) 12. g5 Ng4 13. g6 Nxe3 14. gxf7+ Kxf7
15. fxe3 Ne5 $2 (15... Rh6 $1 $132 {Sakaev/}) 16. O-O-O g6 17. Rhf1+ Ke7 18. c5
$1 $16 {Sakaev,K-Yemelin,V/St.Petersburg/1996/0,5/52/}) 11... Rc8 12. f4 Qc7
13. g4 e5 14. Nf5 g6 15. Ng3 exf4 16. Bxf4 Ne5 17. Bxe5 Bh6+ 18. Kb1 dxe5 19.
h4 $16 {Goldin,A-Yemelin,V/Elista/1996/1:0/62/}) 10. Be3 a6 11. O-O-O (11. g4
Nfd7 12. O-O-O Nc6 13. Nxc6 Bxc6 14. f4 Qb8 15. g5 O-O $132 {Dreev,A-Lerner,K/
Vienna/1996/0:1/56/}) (11. O-O) 11... Nfd7 $5 (11... Nc6 $2 12. Nxc6 Bxc6 13.
e5) (11... Nbd7 $6 12. g4) (11... Qc7 $5) 12. Kb1 Nc6 13. f4 (13. Nxc6 Bxc6 14.
Rd2 O-O 15. Rhd1 Qb8 (15... Rc8 16. Bf4 e5 17. Be3 $14) (15... Qc7 16. Nd5) 16.
f4 $14) 13... O-O 14. Nb3 (14. Nxc6 Bxc6 15. Rd2 Rc8 16. Rhd1 Qc7 $13) 14...
Qb8 (14... Rc8 15. g4 Qc7 16. g5 Nc5 17. Nd2 $13) 15. e5 (15. g4 $5) 15... Nc5
16. Nxc5 (16. exd6 Bxd6 17. Nxc5 Bxc5 {><d4/}) 16... bxc5 (16... dxc5 17. Bd3
$14 {|^>>/}) 17. exd6 (17. Ne4 Nd4 (17... dxe5 18. Nxc5 $14) 18. Bxd4 cxd4 19.
Nxd6 Bxd6 20. exd6 Qxd6 21. Bd3 $13) 17... Bxd6 18. f5 (18. Ne4 Nd4 $13) 18...
Nd4 19. Bxd4 cxd4 20. Rxd4 Bxg2 (20... Be5 21. Rd3 exf5 (21... Bxg2 22. Rg1 Bc6
23. fxe6 fxe6 24. Rh3 $40) 22. Nd5 $14) 21. Rg1 Bc5 22. Rh4 Bf2 (22... Bxg1 23.
f6 h6 (23... g6 24. Qd2 $18) 24. fxg7 Rd8 (24... Kxg7 25. Qc1 $1) 25. Rxh6 Kxg7
(25... f5 26. Qc1 Bd4 27. Rh8+ Kf7 28. Bh5+ Ke7 29. Qg5+ Kd6 (29... Bf6 30.
g8=Q Rxg8 31. Rh7+ Kd6 32. Qxf6 $16) 30. Rxd8+ Qxd8 31. Qxg2 Bxc3 (31... Qg8
32. Bf7 $1) 32. bxc3 Rb8+ 33. Kc2 $16) 26. Qh7+ Kf8 27. Rf6 $44) 23. Bf3 (23.
Rh5 Bxg1 24. f6 h6 25. fxg7 Qf4 26. gxf8=Q+ Rxf8 $13) 23... Bxh4 24. Qxg2 Bf6
25. Bxa8 Bxc3 26. Bb7 Bd4 27. Rd1 Qe5 28. Bxa6 exf5 (28... Qxf5+ 29. Ka2 Qe5
$13) 29. Qd2 Rd8 30. Bb7 Qc7 31. Bd5 Bf6 32. Ka2 g6 (32... Rb8 33. b4 $5) 33.
Qe2 Kg7 34. Rd3 Rd7 35. Rb3 Re7 36. Qd3 $2 (36. Qd2 $14) 36... Qxh2 $17 37. c5
h5 38. c6 h4 39. Qa6 $6 (39. a4 $17) 39... Qe5 40. Qc4 h3 41. Bh1 h2 (41... g5
$142) 42. a4 Qe1 43. Bd5 Rc7 (43... h1=Q $2 44. Bxh1 Qxh1 45. c7) 44. Qf4 Be5
$2 (44... Ra7 $1 45. c7 (45. Rh3 g5 46. Qc4 (46. Qxh2 Rxa4+ 47. Ra3 Rxa3+ 48.
bxa3 (48. Kxa3 Qa5+) 48... Qa1+ 49. Kb3 Qd1+ 50. Kc4 Qd4+ $19) 46... Qe5 $19)
45... Be5 46. Re3 Bxf4 47. Rxe1 Bxc7 $19) 45. Re3 Bxf4 46. Rxe1 Ra7 $2 (46...
Bd6 $1 $17 {/\Ra7-a5/}) 47. Ka3 Ra5 $2 (47... Kf6 48. b4 Bc7 $13) 48. Bh1 Rc5
49. b4 Rc3+ 50. Kb2 Rg3 51. a5 Rg1 52. Rb1 Be5+ 53. Ka2 Rg3 54. b5 (54. a6 $6
Bd4) 54... Bd6 55. a6 Ra3+ 56. Kb2 Ra5 57. Kc2 Ra2+ 58. Kd3 Ra3+ 59. Kc4 Rg3
60. Bd5 (60. a7 Rg1 61. a8=Q Rxb1 62. Bg2 $16) 60... Rg1 61. a7 $2 (61. Rb2 $1
Rd1 (61... Rc1+ 62. Kd3 Rd1+ 63. Rd2) (61... Ra1 62. b6 Rxa6 63. c7 $18) 62.
Rxh2 $1 Bxh2 63. b6 $18) 61... Rxb1 62. a8=Q Rb4+ 63. Kd3 Rxb5 64. Qa1+ Kg8 65.
Bh1 Re5 66. Qa8+ Kg7 67. Kd2 Bc7 68. Qa1 Kg8 69. Qa8+ Kg7 70. Qb7 Re7 71. Qb2+
$14 1/2-1/2

[Event "St Petersburg op2"]
[Site "St Petersburg"]
[Date "1994.??.??"]
[Round "3"]
[White "Zakharevich, Igor"]
[Black "Yemelin, Vasily"]
[Result "1-0"]
[WhiteElo "2415"]
[BlackElo "2520"]
[Annotator "Notkin,M"]
[PlyCount "71"]
[EventDate "1994.10.??"]
[EventType "swiss"]
[EventRounds "9"]
[EventCountry "RUS"]
[SourceTitle "CBM 043 Extra"]
[Source "ChessBase"]
[SourceDate "1995.01.01"]
[SourceVersion "1"]
[SourceVersionDate "1995.01.01"]
[SourceQuality "1"]

1. d4 Nf6 2. c4 e6 3. Nf3 b6 4. a3 Ba6 5. e3 d5 6. Nbd2 Be7 7. Qa4+ c6 (7...
Nfd7 8. cxd5 Bxf1 9. Nxf1 exd5 10. Ng3 O-O 11. O-O c5 12. Rd1 $14 {Muse,
M-Stoica,V/Athens/1985/0,5/56/}) 8. cxd5 Bxf1 9. Nxf1 exd5 10. Ng3 O-O 11. O-O
Qd7 (11... c5 12. Rd1 (12. dxc5 $5) 12... c4 13. b3 Qd7 14. Qxd7 Nbxd7 $10 {
Stoica}) 12. Qc2 Rc8 13. b3 Qe8 (13... c5 14. dxc5 bxc5 15. Rd1 $14) 14. Bb2
Nbd7 (14... a5 $1 15. Rac1 b5 16. a4 (16. Ne5 a4 17. b4 Nfd7 {/\f6,Nb6}) 16...
Nbd7 17. Ne5 Nb6 $13) 15. Rac1 (15. Ne5 $5) 15... Bd6 16. Nf5 Bb8 17. Qd3 g6
18. Ng3 Bd6 (18... Ne4 19. Rc2 $14) 19. Nd2 a5 20. Rfe1 Qf8 21. a4 h5 $2 22.
Nf3 $1 Qe8 (22... Bxg3 $32 23. hxg3 Ne4 24. Ne5 Qd6 25. g4 $14) 23. e4 Bb4 24.
Re2 dxe4 25. Nxe4 Nxe4 26. Rxe4 Qd8 27. Re2 (27. d5 cxd5 28. Rxc8 Rxc8 29. Qxd5
(29. Qd4 Qf6) 29... Bc3 $10) 27... Nf6 (27... Nf8 28. Ne5 c5 29. d5 $16) 28.
Re6 $3 (28. Ne5 c5) 28... fxe6 (28... Nd5 29. Rexc6 $16) 29. Qxg6+ Kf8 (29...
Kh8 30. d5 Be7 31. Ng5 $18) 30. Ng5 Qe7 31. d5 cxd5 (31... e5 32. Bxe5) 32. Re1
$1 Ne4 (32... Bxe1 33. Bxf6 Bxf2+ 34. Kxf2 Qc5+ 35. Kf3 $18) 33. Rxe4 dxe4 34.
Nxe6+ Qxe6 35. Qxe6 Rc7 36. Qh6+ (36. Qh6+ Ke8 37. Qxh5+ Rf7 38. Qe5+ Be7 39.
Qxe4 $18) 1-0

[Event "Mar del Plata Clarin Masters"]
[Site "Mar del Plata"]
[Date "1982.02.??"]
[Round "?"]
[White "Karpov, Anatoly"]
[Black "Najdorf, Miguel"]
[Result "1-0"]
[WhiteElo "2720"]
[BlackElo "2510"]
[Annotator "Notkin,M"]
[PlyCount "105"]
[EventDate "1982.02.??"]
[EventType "tourn"]
[EventRounds "13"]
[EventCountry "ARG"]
[EventCategory "13"]
[SourceTitle "MCL"]
[Source "ChessBase"]
[SourceDate "1999.07.01"]
[SourceVersion "1"]
[SourceVersionDate "1999.07.01"]
[SourceQuality "1"]

1. d4 Nf6 2. c4 e6 3. Nf3 b6 4. Nc3 Bb7 5. a3 d5 6. cxd5 Nxd5 7. e3 Be7 8. Bb5+
c6 9. Bd3 c5 $6 (9... Nxc3 10. bxc3 c5) 10. Nxd5 Bxd5 (10... Qxd5 11. dxc5 Bxc5
12. Bb5+ Ke7 13. Qe2 a5 14. Bd2 Rd8 15. Bc3 Kf8 16. O-O $14 {Gheorghiu,
F-Karpov,A/Moscow/1981/0,5/16/}) 11. dxc5 bxc5 (11... Bxc5 12. b4 Be7 13. Bb2
$14) 12. O-O O-O 13. Qc2 h6 14. Bd2 Nd7 15. Bc3 Rb8 (15... Qc7 $5) 16. e4 Bc6
17. Rac1 Qc7 18. Rfe1 Rfc8 19. Ba6 (19. b3 $5) 19... Rd8 20. Bf1 a5 $6 (20...
Rdc8 $14) 21. a4 Ra8 22. b3 Nb8 23. Qb2 Bf8 24. Ne5 Be8 25. Re3 $2 (25. Bc4 Nc6
26. Nxc6 {/\Re3+/-/}) 25... f6 $1 26. Nc4 (26. Ng4 h5) 26... Nc6 27. e5 $1 f5
28. Nd6 Bxd6 29. exd6 Rxd6 30. Bc4 Kh7 31. Rxe6 Rad8 32. Rxd6 Rxd6 33. Bf1 (33.
h3 $16) 33... Qb7 34. Qe2 (34. Bb5 $5 Bf7 35. Bxg7 $4 (35. Qe2 $14) 35... Rg6)
34... Bf7 35. Qf3 Qd7 36. Ba1 Nd4 37. Bxd4 Rxd4 $1 (37... cxd4 38. Bd3 g6 39.
Qa8 $16) 38. Qc3 (38. Rxc5 Rd1 39. Qxf5+ Qxf5 40. Rxf5 Bxb3 41. Rc5 Ra1 $10)
38... Rb4 39. Bb5 Qd4 40. Qc2 (40. Qxc5 $10) 40... Rxb3 41. Qxf5+ $2 (41. Qxc5
Qxc5 42. Rxc5 Rb1+ 43. Bf1 {/\f3,Kf2=/}) 41... Bg6 42. Qe6 Rb2 43. Qe1 (43. Rf1
Bd3 44. Bxd3+ (44. Be8 $2 Qxf2+ $1 $19) 44... Qxd3 $17 45. Qe5 Rb1 $19) (43.
Qe3 Rc2 $1 $17) 43... Rc2 44. Rd1 Qf4 $6 (44... Qf6 $17) 45. Bc6 $1 c4 46. g3
Qf5 $2 (46... Qf6 $5) 47. Rd6 $1 Kh8 (47... Rb2 48. Kg2 Rb6 $1 49. Rxg6 $1 Rxc6
$1 50. Rxc6 Qd5+ 51. Kf1 Qxc6 52. Qb1+ {/\Qc2=/}) 48. Bd5 $1 $18 Qg5 (48... Kh7
49. Rd8 Qg5 50. Bg8+ Kh8 51. Rc8 $1 Rc1 52. Bxc4+ Be8 $1 (52... Kh7 53. Bg8+
$18) 53. Rxe8+ Kh7 54. Bg8+ Kh8 $5 55. Bb3+ Kh7 56. Bc2+ $5 (56. Bd1 Qd5 57.
Qe4+ Qxe4 58. Rxe4 Rxd1+ 59. Kg2 Ra1 $14) 56... Rxc2 (56... g6 57. Bd1 Qd5 58.
Qe7+) 57. Qe4+ Qg6 58. Rh8+ $18) 49. f4 Qh5 50. Rd8+ Kh7 51. Bg8+ Kh8 52. Bf7+
Kh7 53. Rh8+ $1 $18 1-0

[Event "St Petersburg op2"]
[Site "St Petersburg"]
[Date "1994.??.??"]
[Round "8"]
[White "Notkin, Maksim"]
[Black "Tunik, Gennady"]
[Result "1/2-1/2"]
[WhiteElo "2465"]
[BlackElo "2450"]
[Annotator "Notkin,M"]
[PlyCount "78"]
[EventDate "1994.10.??"]
[EventType "swiss"]
[EventRounds "9"]
[EventCountry "RUS"]
[SourceTitle "CBM 043 Extra"]
[Source "ChessBase"]
[SourceDate "1995.01.01"]
[SourceVersion "1"]
[SourceVersionDate "1995.01.01"]
[SourceQuality "1"]

1. d4 Nf6 2. c4 e6 3. Nf3 b6 4. a3 Ba6 5. Qc2 Bb7 6. Nc3 c5 7. e4 cxd4 8. Nxd4
d6 9. Be2 Nbd7 10. O-O a6 11. Be3 Be7 12. Rac1 O-O 13. Rfd1 Qc7 14. f3 Rfc8 (
14... Rac8 15. Bf1 Qb8 16. Qf2 Bd8 17. Kh1 Bc7 18. Qg1 Kh8 19. b4 Rg8 $13 {
Tregubov,P-Emelin,V/Elista(RUS-ch)1994/0:1/40/}) 15. Bf1 Qd8 16. Qf2 Rab8 17.
b4 (17. Kh1 Ba8 18. Qg3 Rc7 19. b4 Qe8 20. b5 $6 (20. Nb3 Ne5 21. Nd2 $10 {
Piket}) 20... a5 21. Nb3 Rcc8 22. Na4 Qf8 23. Qf2 Bd8 24. Bd4 Bc7 25. Bb2 Qe7
$15 {Piket,J-Ljubojevic,L/Monaco(m/3)/1994/0,5/38/}) 17... Qe8 (17... Qf8 $5)
18. Nb3 Ba8 19. Kh1 h6 20. Rc2 (20. Na4 b5 21. Nb2 Ne5 22. c5 d5 23. Bf4 Nfd7
$13) 20... Ne5 $2 (20... Qf8 $5) 21. Bxb6 Nxc4 22. Bxc4 Rxc4 23. Na5 Rxc3 (
23... Rcc8 24. Ba7 $16) (23... Bxe4 24. Nxc4 Bxc2 25. Qxc2 Qc6 (25... d5 26.
Bc7 Rc8 27. Nd6 $18) 26. Na4 d5 (26... Rc8 27. Rc1 Qb5 28. Be3 d5 29. Nab6 Rc7
(29... Rc6 30. a4 Qxb4 31. Rb1 $18) 30. Bf4 Rb7 (30... Rc6 31. a4 Qxb4 32. Rb1
Qc5 33. Be3 $18) 31. Na5 $1 Rxb6 32. Bc7 $16) 27. Ne3 (27. Rc1 Qb5 28. Be3)
27... Rxb6 28. Nxb6 Qxb6 29. Qd3 $16) 24. Rxc3 Bxe4 $1 25. Ba7 $2 (25. Rdc1 {
/\ Nc6+/=}) 25... Ra8 26. Rdc1 Bg6 27. Nc6 Nd5 28. Nxe7+ Qxe7 29. Rc8+ Rxc8 30.
Rxc8+ Kh7 $44 31. Be3 (31. h3 Qd7 32. Rc1 Nf4 $36) 31... Qd7 32. Ra8 Qa4 33.
Bd2 (33. Bc1 $4 Qc6 $19) 33... Nc7 (33... Qxa3 34. b5 Nc7 (34... Qa1+ 35. Be1
Nf4 36. bxa6 Nd3 37. Qg1 Nxe1 38. a7 {/\ Rb8+-}) (34... a5 35. Rxa5 $16) 35. b6
$1 Nxa8 36. b7 $18) 34. Rc8 Nb5 35. h3 Qxa3 (35... Nxa3 36. Bxh6 Qd1+ (36...
Kxh6 37. Qh4+ Bh5 38. Rh8+) (36... gxh6 37. Qd4 e5 38. Qxd6 $40) 37. Kh2 gxh6
38. Qb2 e5 39. Qxa3 $16) 36. Qb6 Qa1+ 37. Kh2 Qe5+ 38. Kh1 Qa1+ (38... Bd3 39.
Qd8 Nd4 (39... Qe2 40. Qh8+ Kg6 41. Rg8 Qxd2 42. Qxg7+ Kf5 43. g4+ $18) 40. Bc3
Qd5 (40... Qe3 41. Qxd6 $16) 41. Qh8+ (41. Qe7 $5 $16 e5 (41... Nxf3 42. Rh8+
Kg6 43. Rg8) 42. Rd8 Nf5 43. Qxe5 $1) 41... Kg6 42. Rg8 Qe5 43. Bd2 Nf5 44. g4
Qa1+ 45. Kh2 Qe5+ $10) 39. Kh2 Qe5+ 1/2-1/2

[Event "Biel GM"]
[Site "Biel"]
[Date "2001.07.30"]
[Round "7"]
[White "Pelletier, Yannick"]
[Black "Gelfand, Boris"]
[Result "1/2-1/2"]
[WhiteElo "2531"]
[BlackElo "2714"]
[Annotator "Pelletier,Y"]
[PlyCount "83"]
[EventDate "2001.07.23"]
[EventType "tourn"]
[EventRounds "10"]
[EventCountry "SUI"]
[EventCategory "16"]
[SourceTitle "CBM 085"]
[Source "ChessBase"]
[SourceDate "2001.11.13"]
[SourceVersion "1"]
[SourceVersionDate "2001.11.13"]
[SourceQuality "1"]

1. d4 Nf6 2. c4 e6 3. Nf3 b6 4. a3 c5 5. d5 Ba6 6. Qc2 exd5 7. cxd5 g6 8. Nc3
Bg7 9. g3 O-O 10. Bg2 d6 11. O-O Re8 12. Re1 Nbd7 13. Bf4 Qe7 14. Qa4 {Diesen
Zug habe ich vor einpaar Jahren schon unter die Luppe genommen und dabei
einige interessante Ideen gefunden (die heute leider nicht mehr neu sind...).
In der Partie musste ich aber mein Gedächtnis funktionnieren lassen, da ich
diese Erröffnung von Boris gar nicht erwartet hatte.} Bb7 15. Nb5 Ne5 ({
Ungenau ist bekanntlich} 15... Ne4 $6 {wegen} 16. Nd2 $1 {, was in einem Buch
Dworetzkys analysiert wurde. Der Textzug wurde zum ersten Mal an der EM in
Ohrid versucht, obwohl er ebenfalls von Dworetzky erwähnt wird!}) 16. Nxe5 dxe5
17. d6 ({In der obenerwähnten Begegnung aus Ohrid zwischen Lautier und
Istratescu geschah} 17. Bg5 $6 Qd7 18. e4 h6 19. Bxf6 Bxf6 20. Qc4 a6 21. Nc3
Qd6 22. a4 Bc8 23. Qf1 h5 24. h4 Bg7 25. Bf3 {und die Akteure einigten sich
auf Remis. Der Textzug ist stärker.}) 17... Qd7 18. Bxb7 Qxb7 19. Bg5 Qc6 20.
Bxf6 $6 ({Ein primitiver Zug, der den Vorteil bereits aus der Hand gibt.
Richtig war sofort} 20. Qa6 {, ohne} Ne4 21. Be7 {zu befürchten.}) 20... Bxf6
21. Qa6 Red8 22. e4 ({Nachdem ich diesen Zug ausgeführt hatte, bedauerte ich,} 
22. Rac1 {nicht angeschaut zu haben. In Wirklichkeit bekommt Schwarz genug
Spiel nach} e4 23. b4 c4 24. Nc7 (24. Red1 Bb2 $1 25. Rc2 c3 $36) 24... Rab8
25. Rxc4 Qxd6) 22... Rd7 23. Rad1 Qc8 $1 {Löst die weissfeldrige Blockade am
Damenflügel auf und sichert Ausgleich.} 24. Qxc8+ Rxc8 25. Rd5 Rc6 {Erst hier
verstand ich, dass mein Vorteil verschwunden war. In Erkenntnis, dass 26.Red1
sogar Schwierigkeiten herbeiführen würde, entschloss ich mich für die
ausgleichende Fortsetzung} 26. f4 (26. Red1 $2 a6 27. Nc3 (27. Nc7 b5) 27...
Bg7 $17 {und es folgt ... f6, Kf7-e6, wonach der Bauer d6 wie eine reife
Frucht fällt.}) 26... a6 ({Nicht} 26... exf4 $2 27. e5 Bg5 28. e6 $18) 27. fxe5
({Fehlerhaft wäre} 27. Nc3 $2 Rcxd6 28. fxe5 Rxd5 29. exd5 {wegen} Re7 $1)
27... axb5 28. exf6 Rcxd6 29. Rxd6 Rxd6 30. e5 Rd2 {Der schwarze Turm ist viel
aktiver als der weisse, aber der Kg8 hat Probleme. Es entsteht Gleichgewicht.}
31. Re3 c4 (31... Rxb2 $2 32. Rd3 {[%csl Rg8]}) 32. b3 h5 33. Rc3 cxb3 34. Rxb3
Rd5 35. Re3 g5 36. h3 Kh7 37. Kf2 Kg6 38. g4 hxg4 39. hxg4 Rd4 40. Kf3 Rf4+ 41.
Kg3 b4 42. axb4 1/2-1/2

[Event "Linares Anibal op 08th"]
[Site "Linares"]
[Date "2001.01.12"]
[Round "5"]
[White "Roeder, Mathias"]
[Black "Pelletier, Yannick"]
[Result "1/2-1/2"]
[WhiteElo "2456"]
[BlackElo "2548"]
[Annotator "Pelletier,Y"]
[PlyCount "35"]
[EventDate "2001.01.08"]
[EventType "swiss"]
[EventRounds "11"]
[EventCountry "ESP"]
[SourceTitle "CBM 082"]
[Source "ChessBase"]
[SourceDate "2001.05.17"]
[SourceVersion "1"]
[SourceVersionDate "2001.05.17"]
[SourceQuality "1"]

1. d4 Nf6 2. c4 e6 3. Nf3 b6 4. Nc3 Bb7 5. a3 d5 6. cxd5 Nxd5 7. Qc2 Nxc3 8.
Qxc3 Bd6 {Dieser Zug wird hier ganz selten gespielt, ich halte ihn aber für
sehr verlässlich.} 9. Bg5 Qc8 10. e3 O-O 11. Bd3 h6 12. Bh4 Nd7 ({Ebenfalls
zum Ausgleich führt} 12... c5 13. O-O cxd4 14. Qxd4 Qc5 15. Rac1 Qxd4 16. Nxd4
Nd7 {, aber ich wollte mit meiner Dame nicht zu weit ausgehen...}) 13. O-O c5
14. Rac1 Qb8 ({Sofort} 14... cxd4 $1 {war besser:} 15. Qxc8 (15. Qxd4 $6 Qb8
16. Bg3 (16. Be4 e5 $1) 16... Bxg3 17. hxg3 Rd8 $36) 15... Rfxc8 16. Nxd4 {
mit völligem Ausgleich.}) 15. Bg3 Bxg3 16. hxg3 Rd8 (16... cxd4 17. Nxd4 (17.
Qxd4 Rd8) 17... Rc8 18. Qd2 $11) (16... Bxf3 17. gxf3 cxd4 18. Qxd4 Rd8 19. Qc3
$11) 17. Qc2 (17. Rfd1 $6 Bxf3 18. gxf3 cxd4 19. exd4 (19. Qxd4 Ne5 $17) 19...
Nf6 $15) (17. Be2 cxd4 18. Nxd4 $11) 17... a5 (17... Bxf3 $6 18. gxf3 cxd4 $140
19. Be4) (17... cxd4 18. Nxd4 Qe5 $5 19. b4 (19. Qc7 $2 Qd5 $1) (19. Nf3 Qf6 $1
20. Be2 Rac8 21. Qb1 Nc5) 19... Qd5 20. Nf3 Rac8 21. Qb1 Ne5 22. Be2 $11) 18.
Bh7+ {(=)} (18. Bh7+ Kh8 19. Be4 a4 $1 $11) 1/2-1/2